000 01060cab a22002295a 4500
001 L156691
008 120626e20120623xxk 000 0 eng d
035 _a(Sirsi) u156691
041 0 _aeng
100 1 _aThame, David
245 0 0 _aFocus
_hNorth West
260 _c2012
490 _aEstates Gazette
_v(1225) 23 June 2012, 61-79(16)
520 _aSeveral proposed shopping centres schemes been cancelled including the Tithebarn in Preston and Northgate in Chester. Liverpool and Salford have opted for elected mayors. Looks at the growth of supersheds sector and the office market in Warrington. Lancashire County Council has set itself up as a property investor and developer to support and fund regeneration. Market health check looks at office take up and viability in Manchester and Liverpool, Retail Zone A rents and industrial take up, availability and prime rents.
590 _aKA
651 4 _aLancashire
651 4 _aCheshire
690 _aCommercial property
_96227
700 1 _aSimmons, Mark
700 1 _aHawkes, Alex
942 _n0
999 _c84120
_d84120